000 00362nam a2200133Ia 4500
008 100328s9999 xx 000 0 und d
082 _b33856
100 _aसामंत माया
245 _aमृत्युदंड
260 _bश्रदा
630 _aमृत्युदंड
730 _aमृत्युदंड
942 _cBOOK
999 _c524181
_d524178